000 00720nam a2200181 a 4500
001 000256054
003 AM-YeHGA
005 20250618071723.0
008 030822s1982 ai 000 | arm d
040 _aAM-YeHGA
100 1 _aԱռաքելյան, Երջանիկ Գեղամի,
_d1918-1981
_91982
245 1 0 _aԹևավոր բարդի :
_b[Բանաստեղծություններ] /
_cԵ.Գ. Առաքելյան; Խմբ.՝ Մ.Ա. Մկրտչյան.
260 _aԵրևան :
_bՍովետական գրող,
_c1982.
300 _a210 էջ :
_bնկ. ;
_c17 սմ.
650 1 4 _aՀայ գրականություն
_xՊոեզիա
700 1 _aՄկրտչյան, Մկրտիչ Ասատուրի,
_d1941-
_eխմբ.
_4edt
090 _c93538
999 _c92239
_d92239